My bones being wiser : poems /

Bibliographic Details
Main Author: Miller, Vassar
Format: Book
Language:English
Published: Middletown, Conn. : Wesleyan University Press, 1963
Series:Wesleyan poetry program.

MARC

Tag First Indicator Second Indicator Subfields
LEADER 00000cam a2200000 a 4500
001 in00000079300
005 20151008060819.0
008 730525s1963 ctu 00011 engm
010 |a  63017793  
035 |a (OCoLC)00630876 
035 |9 AAJ6634AM 
040 |c OWU  |d TXA  |d UtOrBLW 
049 |a TXAM  |c [1196526] 
050 0 0 |a PS3525.I5635  |b M9 
090 |a PS3525.I5635  |b M9 1964 
100 1 |a Miller, Vassar. 
245 1 0 |a My bones being wiser :  |b poems /  |c by Vassar Miller. 
264 1 |a Middletown, Conn. :  |b Wesleyan University Press,  |c 1963 
264 3 |c 1964 printing 
300 |a 84 pages :  |b 2l cm. 
336 |a text  |b txt  |2 rdacontent 
337 |a unmediated  |b n  |2 rdamedia 
338 |a volume  |b nc  |2 rdacarrier 
490 1 |a The Wesleyan poetry program 
830 0 |a Wesleyan poetry program. 
999 |a MARS 
999 f f |s 1792c964-aed4-37ac-83e3-7d1a0193636b  |i c672ef76-74c9-34b7-b707-9b28e1821fc3  |t 0 
952 f f |p ric  |a Texas A&M University  |b Rellis Campus  |c Joint Library Facility  |d Remote Storage  |t 0  |e PS3525.I5635 M9 1964  |h Library of Congress classification  |i unmediated -- volume  |m A14806191076 
998 f f |a PS3525.I5635 M9 1964  |t 0  |l Remote Storage